| 000 | 01469nam a22003857a 4500 | ||
|---|---|---|---|
| 003 | CHAP | ||
| 005 | 20220817042922.0 | ||
| 008 | 971013s1995 r 10010 d | ||
| 010 | _a59857 | ||
| 011 | _a60829 | ||
| 035 | _a64992 | ||
| 040 | _cCHAP | ||
| 082 |
_a631.4063 _bI5 1994 |
||
| 111 | 0 | 0 |
_aInternational Workshop on Soil, Water, and Nutrient Management Research _c: Environmental and Productivity Dimensions ( _d1994 _c: Zschortau, Germany) _960132 |
| 245 | _aProceedings of... | ||
| 260 |
_aZschortau, Germany : _bThe German Foundation for International Development, _c1995 |
||
| 300 | _a255 p. | ||
| 590 |
_aBATCH-UPD _b10 _c20130109 _lUCH01 _h2357 |
||
| 590 |
_aBATCH-UPD _b10 _c20130110 _lUCH01 _h0715 |
||
| 590 |
_aBATCH-UPD _b10 _c20130409 _lUCH01 _h1931 |
||
| 590 |
_aBATCH-UPD _b10 _c20130410 _lUCH01 _h0400 |
||
| 590 |
_aBATCH-UPD _b10 _c20130913 _lUCH01 _h2219 |
||
| 590 |
_aCONVERSION _b10 _c20130109 _lUCH01 _h1332 |
||
| 650 | 1 | 4 | _aAgricultura sustentable. |
| 650 | 1 | 4 |
_aAgua para irrigacion. _92430 |
| 650 | 1 | 4 |
_aMedio ambiente _xContaminación _xCongresos. _974071 |
| 650 | 1 | 4 |
_aRecursos naturales _xConservación _xCongresos. _995232 |
| 650 | 1 | 4 |
_aSuelos y nutrición _xCongresos. _9110579 |
| 650 | 1 | 4 |
_aSuelos _xCongresos. _9110281 |
| 650 | 1 | 4 |
_aSuelos _xConservación _xCongresos. _9110292 |
| 650 | 1 | 4 |
_aSuelos _xInvestigación. _9110405 |
| 901 | _aBK | ||
| 942 | _cLIBRO | ||
| 949 |
_a631.4063 I5 1994 _bBC _cLIBRO _d33724000083093 _eLIBRO _h90308 _i64992 _si |
||
| 999 |
_c59857 _d59857 |
||